| 000 | 00904cam a2200229 4500 | ||
|---|---|---|---|
| 001 | BIIH004793 | ||
| 008 | 1987 spa | ||
| 020 | _a968-496-100-6 | ||
| 035 | _aBIIH004793 | ||
| 050 | 4 |
_aF1386 _b.5 V68 1987 |
|
| 245 | 2 |
_aY Volvió a temblar : cronología de los sismos en México : (de1 pedernal a 1821) / _ccoord. Teresa Rojas Rabiela, Juan Manuel Pérez Zevallos, Virginia García Acosta ; colab. Jorge Chávez ... [et al.] ; introd. Juan Pedro Viqueira. |
|
| 260 |
_aMéxico : _bSEP, _c1987 |
||
| 300 |
_a201 p. ; _c23 cm. |
||
| 440 | 0 | _aCuadernos de la Casa Chata ; 135 | |
| 500 | _a2 ejemplares | ||
| 504 | _aBibliografia: p. 197-201 | ||
| 650 | 4 |
_aTerremotos _xMéxico _xHistoria _xFuentes |
|
| 650 | 4 |
_aTerremotos _xMéxico _xHistoria _xCronología |
|
| 700 | 1 |
_aRojas Rabiela, Teresa, _ecoord. |
|
| 700 | 1 |
_aPérez Zevallos, Juan Manuel, _ecoord. |
|
| 942 |
_2lcc _cLIB |
||
| 999 |
_c87124 _d87124 |
||